Wymień Muzyków po ich Piosence - Statystyki

Ogólne statystyki
  • Ten quiz został rozwiązany 1 023 razy
  • Średni wynik to 18 z 30
Statystyki odpowiedzi
Lp. Piosenka Wykonawca Feat. % Poprawnych
17 ,,Waka Waka" Shakira ---------------------------------------
92%
14 ,,GANGNAM STYLE" PSY ---------------------------------------
89%
22 ,,Shape of You" Ed Sheeran ---------------------------------------
88%
6 ,,Diamonds" Rihanna ---------------------------------------
86%
1 ,,Sorry" Justin Bieber ---------------------------------------
81%
15 ,,Weź nie Pytaj" Paweł Domagała ---------------------------------------
80%
5 ,,The Lazy Song" Bruno Mars ---------------------------------------
79%
7 ,,Sofia" Alvaro Soler ---------------------------------------
78%
11 ,,Havana" Camila Cabello Young Thug
77%
28 ,,Believer" Imagine Dragons ---------------------------------------
75%
9 ,,Despacito" Luis Fonsi Danny Yankees
74%
29 ,,Faded" Alan Walker ---------------------------------------
72%
24 ,,Sugar" Maroon 5 ---------------------------------------
71%
30 ,,Wake Me Up" Avicii ---------------------------------------
66%
13 ,,Swish Swish" Katy Perry Nicki Minaj
66%
16 ,,Stitches" Shawn Mendes
63%
23 ,,Hymn For The Weekend Coldplay Beyoncé
60%
19 ,,Side To Side" Ariana Grande Nicki Minaj
59%
4 ,,Titanium" David Guetta Sia
59%
20 ,,Stay With Me " Sam Smith ---------------------------------------
51%
26 ,,Burn" Ellie Goulding ---------------------------------------
49%
12 ,,Summer" Calvin Harris ---------------------------------------
43%
10 ,,Don't Let Me Down" The Chainsmokers Daya
36%
27 ,,Back To You" Selena Gomez ---------------------------------------
35%
3 ,,Nic tu po mnie" Michał Szczygieł ---------------------------------------
33%
21 ,,La Louze" SHANGUY ---------------------------------------
24%
8 ,,Mówiła Mi" B.R.O ---------------------------------------
22%
2 ,,Taki Taki" DJ Snake Selena Gomez, Ozuna, Cardi B
21%
18 ,,Mi Gente " J Balvin Willy William
20%
25 ,,Reggaetón Lento CNCO ---------------------------------------
12%
Nie znaleziono quizów pasujących do podanych kryteriów
Rozkład punktacji
Procent ludzi z każdym wynikiem
Percentyl według liczby udzielonych odpowiedzi
Twoja historia wyników
Nie rozwiązałeś tego quizu